Countries invaded by Nazi Germany - Statistics

General Stats
  • This quiz has been taken 181 times
  • The average score is 16 of 20
Answer Stats
Hint Answer % Correct
1940 France
99%
1939 Poland
98%
1940 Belgium
97%
1938 Austria
96%
1940 Netherlands
96%
1940 Norway
93%
1940 Luxembourg
89%
1940 Denmark
88%
1943 Italy
88%
1941 Greece
85%
1944 Hungary
83%
1938 Czechoslovakia
82%
1941 Yugoslavia
78%
1940 Romania
77%
1941 Estonia
68%
1941 Latvia
68%
1941 Lithuania
68%
1941 Ukraine
60%
1941 Soviet Union
57%
1943 Monaco
41%
No matching quizzes found
Score Distribution
Percent of People with Each Score
Percentile by Number Answered
Your Score History
You have not taken this quiz